000 01156nam a22003017i 4500
003 EG-GICUC
005 20260121101531.0
008 251222s1999 ua ||||fr|||| 00| 0 ara d
040 _a EG-GICUC
_bara
_c EG-GICUC
_d EG-GICUC
_erda
041 _aara
082 0 4 _221
_a345.451
_bأ ن . ت
092 0 4 _221
099 _aLaw1 07 345.451 أ ن . ت 1999
100 0 _aأنور احمد رسلان
_eمؤلف.
245 1 2 _aالتحقيق الاداري والمسئولية التأديبية /
_cأنور احمد رسلان.
264 1 _aالقاهرة :
_bمطبعة كلية الحقوق جامعة القاهرة,
_c1999.
300 _a211 ؛ صفحة
_c24 سم.
_bإيضاحيات، صور، مثيليات ؛
336 _2rda content
_atext
337 _2rda media
_aComputer
338 _2rda carrier
_aOnline Resource
504 _aيحتوي على ارجاعات ببليوجرافية
546 _aالنص باللغة العربية
650 1 _aالسلطات التاديبية
_2qrmak
651 1 _2qrmak
856 4 0 _uhttps://fll.law.cu.edu.eg/fulltext/bks/B07-01800.pdf
905 _a75
_eYara
942 _2ddc
_cBK
_e21
_n0
999 _c52113
_d52113